Quem canta o que? - Statistics

Estatísticas Gerais
  • Esse quiz foi jogado 116 vezes
  • A pontuação média é 9 de 15
Estatísticas das Respostas
Hint Resposta % Correto
Havana Camila Cabello
86%
Baby Justin Bieber
85%
Beliver Imagine Dragons
83%
We Are The Champions Queen
83%
Perfect Ed Sheeran
74%
Drive License Olivia Rodrigo
67%
Imagine John Lennon
63%
All of Me John Legend
57%
Shallow Lady Gaga e Bradley Cooper
51%
A Thousand Years Christina Perri
47%
The Climb Miley Cyrus
46%
Purple Rain Prince
43%
Sucker Jonas Brothers
33%
Summer of Love Shawn Mendes
31%
Us James Bay
24%
Nenhum quiz correspondente encontrado
Distribuição das Pontuações
Porcentagem de Pessoas com Cada Pontuação
Percentil de Números Respondidos
Sua Pontuação Histórica
Você não jogou esse quiz